Quizzes
Events
Quiz Creation
Community
Videos
Private Events
Remove Ads
Sign In
Join for FREE
Feedback
Dark Mode
Quiz Categories
Sports
Geography
Music
Movies
Television
Just For Fun
Miscellaneous
History
Literature
Language
Science
Gaming
Entertainment
Religion
Holiday
For Kids
Quiz Lab
Recent
Popular Today
Quiz Kudos Today
Editor Picks
Curator Picks
Quizzes by...
Day
Popularity
Type
Ratings
Length
Year
Community
Subscriptions
Recent Discussions
Orange Saloon
Badges
Playlists
Quests
Create
Leaderboards
Showdown
Live 5
Trivia Bingo
Activity
Puzzle Library
Sporcle Events
Private Events
Virtual Trivia
Globe League
Become a Host
Pub Owners
SporcleCon
Opinionation
Our Games
Videos
Blog
Mobile Apps
Partnerships
Remove Ads and Go Orange
Feedback
History
US Presidents
World Leaders
Politics
Nation
Discovery
War
Decade
Year
Century
Biography
Art
History
US Presidents
World Leaders
Politics
Nation
Discovery
War
Decade
Year
Century
Biography
Art
Random Quiz
Search Sporcle
×
Quiz Lab
Quiz Lab
History
US Presidents
Type in answers that appear in a list
Type in answers that appear in a list
Classic
Best Score? Go Orange.
Royal Names of US Presidents Stats
Can you name the Royal Names of US Presidents?
By
Masternachos
5m
44 Questions
831 Plays
831 Plays
831 Plays
Comments
Comments
Give Quiz Kudos
Give Quiz Kudos
-
- Ratings
hide this ad
More Info
Forced Order
Answers have to be entered in order
Answers have to be entered in order
Replay
Link that replays current quiz
Next Quiz
Link to next quiz in quiz playlist
You Got
0%
They Got
Avg Score
77%
Avg Friend Score
Upgrade to see
Score Distribution
Jump to the score distribution portion of the page
Score
0/44
Timer
05:00
0
Plays Today
Reign
President
% Correct
1789-
1797
George I
97.8%
1797-
1801
John I
94.8%
1801-
1809
Thomas
93%
1809-
1817
James I
89%
1817-
1825
James II
86%
1825-
1829
John II
85.9%
2009-
Present
Barack
85.4%
1989-
1993
George II
84.2%
1969-
1974
Richard
84.1%
1993-
2001
William IV
83.6%
1981-
1989
Ronald
83.4%
2001-
2009
George III
83.2%
1961-
1963
John IV
83%
1977-
1981
James VI
82.7%
1963-
1969
Lyndon
82.2%
1974-
1977
Gerald
81.3%
1861-
1865
Abraham
81.2%
1953-
1961
Dwight
80.7%
1829-
1837
Andrew I
80.6%
1933-
1945
Franklin II
80.6%
1945-
1953
Harry
79.8%
1841
William I
78.9%
Reign
President
% Correct
1901-
1909
Theodore
77.1%
1865-
1869
Andrew II
76.8%
1913-
1921
Woodrow
76.2%
1929-
1933
Herbert
76.2%
1837-
1841
Martin
75.6%
1869-
1877
Ulysses
75.3%
1923-
1929
Calvin
73.6%
1897-
1901
William II
72.8%
1845-
1849
James III
72.3%
1909-
1913
William III
71.6%
1841-
1845
John III
71.2%
1885-
1889
Grover
71%
1857-
1861
James IV
70.8%
1893-
1897
Grover
70.2%
1853-
1857
Franklin I
67.6%
1850-
1853
Millard
67.5%
1881
James V
67.5%
1881-
1885
Chester
66.7%
1849-
1850
Zachary
66.1%
1921-
1923
Warren
65.5%
1877-
1881
Rutherford
65.1%
1889-
1893
Benjamin
63.9%
Quiz Playlist
Details
Report
Send in Message
Add To Playlist
More Info:
What if the US had a system where Presidents were referred to like Kings? IE, Bob I. I think it would look a little like this:
Classic:
Type in answers that appear in a list
Forced Order:
Answers have to be entered in order
Last Updated: Feb 16, 2017
Quiz Scoreboard
CHALLENGE
Sign Up to Join the Scoreboard
Show All
Scores
Hide
Comments
May contain spoilers
Recently Published
Billboard Blitz: Fleetwood Mac
by CooCooCachoo
Music
15s
Presidents Visiting Landmarks
by Hejman
History
7m
An Introduction to Baseball
by treessimontrees
Sports
5m
More to Explore
Quiz From the Vault
Featured Blog Post
Where Did the Easter Bunny Come From?
hide this ad
You Might Also Like...
Tags
US Presidents Quiz
reign
Royal
Royal Names
Today's Top Quizzes in History
Browse History
hide this ad
Today's Top Quizzes in US Presidents
Browse US Presidents
Top Contributed Quizzes in History
1
Popular People in 1991
2
Popular People in 1981
3
Popular People in 1951
4
Popular People in 1941
5
Popular People in 1986
6
Popular People in 1976
7
Popular People in 1921
8
I Am Born On March 28th
9
5-to-1: 20th Century Images of War
10
Popular People in 1946
Explore More
Trending Topics
Kpop
NBA
Marvel
Anime
Harry Potter
Disney
Crossword
Country
Soccer
Puzzle
WWE
NFL
The Office
Pokémon
Song
hide this ad
More By:
Masternachos
Quiz
Plays
Rating
Category
Featured
Created
MLB Hall of Fame by Position
4,583
4.21
Sports
Oct 24, 2009
Baseball Hall of Fame Pitchers
2,591
4.13
Sports
Oct 26, 2009
States with Lowest Church Attendance
2,276
4.29
Religion
Apr 16, 2010
Beatles' Singles
1,677
4.20
Music
Apr 27, 2010
1500 Runs, 1500 RBI Club
994
5.00
Sports
Feb 20, 2010
Go to Creator's Profile
Score Distribution
Quiz Creator Spotlight
Masternachos
Follow
Send a Message
Quizzes Created
-
Created Quiz Play Count
-
More By This Creator
Popular Quizzes Today
1
Find the US States - No Outlines Minefield
2
Find the Countries of Europe - No Outlines Minefield
3
The Countries of the World
4
Find the US States
5
Risky Map Clicking: Biggest States A-Z
6
US States
7
Popular People in 1961
8
Movies - When Are They Set?
More History Quizzes
Empress Matilda: Biography
Quiz Lab
Trending Quizzes
Risky Map Clicking: Least Populous States A-Z
1-10 Letter G Words
1-10 Letter F Words
Risky Map Clicking: Next State Alphabetically
Click the Washington State Counties! (Map)
Recently Updated
Leaping Animals
pecheneg
Reality TV Shows (A-Z)
bhenderson79
Rickey Henderson's Hall of Fame Teammates
pecheneg
Champions League XIs: Arsenal
pecheneg
Quick Pick: Celebrities in WWE's Hall of Fame
aduchscher
A-Z Keypad Blitz II
pecheneg
Multiple Oscar Actors
pecheneg
Mystery Phrase Blitz: Oscar 'Best Actors'
pecheneg
F. Scott Fitzgerald Novels
LTH
Pick 3 Villains
ddd62291
Trending Topics
Marvel
Harry Potter
Anime
NBA
Disney
Crossword
Kpop
Soccer
Pokémon
NFL
The Office
Song
Puzzle
Country
WWE
Your Account Isn't Verified!
In order to create a playlist on Sporcle, you need to verify the email address you used during registration. Go to your
Sporcle Settings
to finish the process.
Report this User
Report this user for behavior that violates our
Community Guidelines
.
Details:
Send Report
Go to the Sporcle.com Mobile Site →
Comments